| 000 | 00789nam a2200229Ia 4500 | ||
|---|---|---|---|
| 008 | 191130s1999##################000#0#eng## | ||
| 020 | _a9781858987170 | ||
| 022 | _a98050847 | ||
| 040 |
_aACL _cACL |
||
| 082 | _a338.926091724 RAD | ||
| 100 | _aRadošević, Slavo | ||
| 245 |
_aInternational technology transfer and catch-up in economic development _cS. Radosevic |
||
| 260 |
_aCheltenham, UK ; Northampton, MA _bEdward Elgar _c1999 |
||
| 300 | _ax, 284 p. ; ill. 24 cm | ||
| 500 | _aIncludes bibliographical references (p. 255-280) and index | ||
| 650 | _aDeveloping countries - Economic policy | ||
| 650 | _aEconomic development | ||
| 650 | _aTechnology transfer - Developing countries | ||
| 990 | _ae2ca7136ac10000c4ba09396c3748155 | ||
| 991 | _a244874 | ||
| 999 |
_c218349 _d218349 |
||